Costa Rica, economía y estado. Notas sobre su evolución reciente y el momento actual /

Salvato in:
Dettagli Bibliografici
Autore principale: Rovira Mas, Jorge
Natura: testo
Tags: Aggiungi Tag
Nessun Tag, puoi essere il primo ad aggiungerne!!

MARC

LEADER 00000 a a2200000 04500
001 8010
003
040
100 |a Rovira Mas, Jorge  
245 |a Costa Rica, economía y estado. Notas sobre su evolución reciente y el momento actual /  |c Jorge Rovira Mas 
773 |g número 26; páginas 37-69  
999 |c 24335  |d 24335